Software engineering (Record no. 566377)

000 -LEADER
fixed length control field 00761cam a22002654a 4500
001 - CONTROL NUMBER
control field 11949279
003 - CONTROL NUMBER IDENTIFIER
control field CEME
005 - DATE AND TIME OF LATEST TRANSACTION
control field 20210628201511.0
008 - FIXED-LENGTH DATA ELEMENTS--GENERAL INFORMATION
fixed length control field 000322s2000 maua 001 0 eng
010 ## - LIBRARY OF CONGRESS CONTROL NUMBER
LC control number 00036133
020 ## - INTERNATIONAL STANDARD BOOK NUMBER
International Standard Book Number 0073655783
040 ## - CATALOGING SOURCE
Original cataloging agency DLC
Transcribing agency DLC
Modifying agency DLC
042 ## - AUTHENTICATION CODE
Authentication code pcc
050 00 - LIBRARY OF CONGRESS CALL NUMBER
Classification number QA76.758.
Item number P75 2000
082 00 - DEWEY DECIMAL CLASSIFICATION NUMBER
Classification number 005.1
Edition number 21
100 1# - MAIN ENTRY--PERSONAL NAME
Personal name Pressman, Roger S.
9 (RLIN) 17958
245 10 - TITLE STATEMENT
Title Software engineering
Remainder of title a practitioner's approach /
Statement of responsibility, etc. Roger S. Pressman.
250 ## - EDITION STATEMENT
Edition statement 5th ed.
260 ## - PUBLICATION, DISTRIBUTION, ETC.
Place of publication, distribution, etc. Boston, Mass. :
Name of publisher, distributor, etc. McGraw Hill,
Date of publication, distribution, etc. 2000.
300 ## - PHYSICAL DESCRIPTION
Extent xxvii, 860 p. :
Other physical details ill. ;
Dimensions 24 cm.
440 #0 - SERIES STATEMENT/ADDED ENTRY--TITLE
Title McGraw-Hill series in computer science
9 (RLIN) 55540
500 ## - GENERAL NOTE
General note Includes index.
650 #0 - SUBJECT ADDED ENTRY--TOPICAL TERM
Topical term or geographic name entry element Software engineering.
9 (RLIN) 2256
942 ## - ADDED ENTRY ELEMENTS (KOHA)
Source of classification or shelving scheme
Koha item type Book
Holdings
Withdrawn status Lost status Source of classification or shelving scheme Damaged status Not for loan Permanent Location Current Location Shelving location Date acquired Full call number Barcode Date last seen Price effective from Koha item type Public note Total Checkouts
          College of Electrical & Mechanical Engineering (CEME) College of Electrical & Mechanical Engineering (CEME) General Stacks 02/24/2017 005.1 PRE CEME-40971 06/28/2021 06/28/2021 Book 6.0  
          College of Electrical & Mechanical Engineering (CEME) College of Electrical & Mechanical Engineering (CEME) General Stacks 02/24/2017 005.1 PRE CEME-40972 06/28/2021 06/28/2021 Book    
          College of Electrical & Mechanical Engineering (CEME) College of Electrical & Mechanical Engineering (CEME) General Stacks 02/24/2017 005.1 PRE CEME-40973 06/28/2021 06/28/2021 Book    
          College of Electrical & Mechanical Engineering (CEME) College of Electrical & Mechanical Engineering (CEME) General Stacks 07/17/2017 005.1 PRE CEME-35728 06/28/2021 06/28/2021 Book    
          College of Electrical & Mechanical Engineering (CEME) College of Electrical & Mechanical Engineering (CEME) General Stacks 07/17/2017 005.1 PRE CEME-35729 06/28/2021 06/28/2021 Book    
          College of Electrical & Mechanical Engineering (CEME) College of Electrical & Mechanical Engineering (CEME) General Stacks 07/26/2017 005.1 PRE CEME-36719 06/28/2021 06/28/2021 Book    
© 2023 Central Library, National University of Sciences and Technology. All Rights Reserved.